MDQL
is popping MORE tags! Check the
thread
!
Quizzes
Events
Quiz Creation
Community
Videos
Private Events
Remove Ads
Sign In
Join for FREE
Feedback
Dark Mode
Quiz Categories
Sports
Geography
Music
Movies
Television
Just For Fun
Miscellaneous
History
Literature
Language
Science
Gaming
Entertainment
Religion
Holiday
For Kids
Quiz Lab
Recent
Popular Today
Quiz Kudos Today
Editor Picks
Curator Picks
Quizzes by...
Day
Popularity
Type
Ratings
Length
Year
Community
Subscriptions
Recent Discussions
Orange Saloon
Badges
Playlists
Quests
Create
Leaderboards
Showdown
Live 5
Trivia Bingo
Activity
Puzzle Library
Sporcle Events
Private Events
Virtual Trivia
Globe League
Become a Host
Pub Owners
SporcleCon
Opinionation
Our Games
Videos
Blog
Mobile Apps
Partnerships
Remove Ads and Go Orange
Feedback
Holiday
Halloween
Christmas
Holiday Songs
April Fools'
Thanksgiving
Valentine's Day
Easter
St Patrick's Day
National Holiday
Religious Holiday
Holiday
Halloween
Christmas
Holiday Songs
April Fools'
Thanksgiving
Valentine's Day
Easter
St Patrick's Day
National Holiday
Religious Holiday
Random Quiz
Search Sporcle
×
Curator Pick
Curator Pick
Holiday
Famous
Type answers based on single images at one time
Type answers based on single images at one time
Slideshow
Best Score? Go Orange.
Celebrities Dressed as Santa Claus Stats
Can you name the famous celebrities dressed as Santa Claus (or Mrs. Claus)?
By
BorezU
4m
15 Questions
812 Plays
812 Plays
812 Plays
Comments
Comments
Give Quiz Kudos
Give Quiz Kudos
-
- Ratings
hide this ad
Replay
Link that replays current quiz
Next Quiz
Link to next quiz in quiz playlist
You Got
0%
They Got
Avg Score
52%
Avg Friend Score
Upgrade to see
Score Distribution
Jump to the score distribution portion of the page
Score
0/15
Timer
04:00
0
Plays Today
% Correct
Katy Perry
89.9%
Mariah Carey
67.7%
Snoop Dogg
67.5%
Paris Hilton
66%
Shirley Temple
62.7%
Jackie Chan
60.1%
Tyra Banks
57.3%
Jay-Z
57.2%
% Correct
Kelly Osbourne
53.7%
Christina Aguilera
39.5%
Cee Lo Green
38.3%
Jessica Simpson
36.8%
John Malkovich
34.7%
Larry Bird
31.6%
Carol Channing
20%
Quiz Playlist
Details
Report
Send in Message
Add To Playlist
Slideshow:
Type answers based on single images at one time
Last Updated: Sep 5, 2020
Curator Pick in
Famous
Quiz Scoreboard
CHALLENGE
Sign Up to Join the Scoreboard
Show All
Scores
Hide
Comments
May contain spoilers
Recently Published
Colored Red Africa Blitz
by spor1
Geography
30s
Find the 'City' Movie
by crazypaving
Movies
60s
5x2 Blitz: Bands
by SL_Kpop136
Music
30s
More to Explore
Quiz From the Vault
Featured Blog Post
14 Easter Pick-up Lines to Find Eggs With
hide this ad
You Might Also Like...
Tags
Celebrity Quiz
Christmas Quiz
Famous Quiz
costume
Famous People
Santa Claus
Today's Top Quizzes in Holiday
Browse Holiday
hide this ad
Today's Top Quizzes in Famous
Browse Famous
Top Contributed Quizzes in Holiday
1
Holidays Spelling Bee
2
A Christmas Story Kids Picture Click
3
Federal Holiday Minefield (US)
4
Holiday Letter 'B' (Clickable)
5
5-to-1: Thanksgiving
6
5-to-1: Holiday Songs
7
Easter - Did You Know?
8
Pick the Easter Eggs hidden in the Garden
9
Purim Crossword
10
Initially Yours: Holiday
Explore More
Trending Topics
Marvel
Kpop
Harry Potter
Disney
Crossword
NBA
Anime
Soccer
The Office
Pokémon
Song
WWE
Country
NFL
Puzzle
hide this ad
More By:
BorezU
Quiz
Plays
Rating
Category
Featured
Created
Sunday Crossword: Happy Halloween!
53,242
4.83
Miscellaneous
Oct 23, 2020
Marvel Superheroes Origin Stories
51,845
4.64
Entertainment
Aug 27, 2019
Pixar Movie by Shirt
49,206
4.50
Movies
Dec 21, 2015
Sunday Crossword: Pixar Movies
48,514
4.61
Miscellaneous
Nov 15, 2020
2010s Songs by 5 Words
42,075
4.67
Music
Aug 1, 2020
Go to Creator's Profile
Score Distribution
Quiz Creator Spotlight
BorezU
Follow
Send a Message
Quizzes Created
-
Created Quiz Play Count
-
More By This Creator
Popular Quizzes Today
1
5x2 Blitz: Bands
2
Find the 'City' Movie
3
Find the US States - No Outlines Minefield
4
Colored Red Africa Blitz
5
The Countries of the World
6
Find the US States
7
9x9 Crossword: Cartoon Network
8
Risky Map Clicking: Biggest States A-Z
More Holiday Quizzes
TV Kwanzaa Scenes
Published
Trending Quizzes
Colored Red Africa Blitz II
Colored Red Europe Blitz I
Find the 'Dark' Movie
Find the 'Day' Movie
Find the 'Good' Movie
Recently Updated
Champions League XIs: Real Madrid
pecheneg
Largest US Cities 1790-2010
pecheneg
Rides in Walt Disney World
pecheneg
Most Oscar Losses (Acting)
pecheneg
Beyoncé Albums
pecheneg
Leaping Animals
pecheneg
Reality TV Shows (A-Z)
bhenderson79
Rickey Henderson's Hall of Fame Teammates
pecheneg
Champions League XIs: Arsenal
pecheneg
Quick Pick: Celebrities in WWE's Hall of Fame
aduchscher
Trending Topics
Crossword
Anime
Disney
Harry Potter
NBA
Kpop
Marvel
Pokémon
NFL
Soccer
WWE
Puzzle
Country
Song
The Office
Your Account Isn't Verified!
In order to create a playlist on Sporcle, you need to verify the email address you used during registration. Go to your
Sporcle Settings
to finish the process.
Report this User
Report this user for behavior that violates our
Community Guidelines
.
Details:
Send Report
Go to the Sporcle.com Mobile Site →
Comments